logo

Bir Sreshtho Munshi Abdur Rouf Library
Jhenaidah Cadet College

Genetics / (Record no. 8148)

MARC details
000 -LEADER
fixed length control field 00789pam a2200301 i 4500
001 - CONTROL NUMBER
JCCL Control Number 8148
003 - CONTROL NUMBER IDENTIFIER
JCCL marc code BD - JhCC
005 - DATE AND TIME OF LATEST TRANSACTION
control field 20210922134020.0
008 - FIXED-LENGTH DATA ELEMENTS--GENERAL INFORMATION
fixed length control field 750128s1975 nyua b 001 0 eng
020 ## - INTERNATIONAL STANDARD BOOK NUMBER
International Standard Book Number 0393092283
035 ## - SYSTEM CONTROL NUMBER
system control number (BD - JhCC)8148
035 ## - SYSTEM CONTROL NUMBER
system control number (OCoLC)01177793
035 ## - SYSTEM CONTROL NUMBER
system control number GLIS00027083
040 ## - CATALOGING SOURCE
Original cataloging agency DLC
Transcribing agency DLC
Modifying agency MYG
-- BD - JhCC
041 ## - LANGUAGE CODE
Language code of Book eng
050 0# - LIBRARY OF CONGRESS CALL NUMBER
Classification number QH431
Item number .M565 1975
082 ## - DEWEY DECIMAL CLASSIFICATION NUMBER
Author mark and Year GUP 1975
Classification number 575.1
099 ## - LOCAL FREE-TEXT CALL NUMBER
Classification number QH431.M565 1975
100 1# - MAIN ENTRY--PERSONAL NAME
Personal name Gupta, P. K.
245 10 - TITLE STATEMENT
Title Genetics /
Statement of responsibility, etc P. K. Gupta
250 ## - EDITION STATEMENT
Edition statement 2d ed.
260 ## - PUBLICATION, DISTRIBUTION, ETC. (IMPRINT)
Place of publication, distribution, etc New York :
Name of publisher, distributor, etc Norton,
Date of publication, distribution, etc [1975]
300 ## - PHYSICAL DESCRIPTION
Pagination 611 p. :
Other physical details ill. ;
Dimensions 22 cm.
504 ## - BIBLIOGRAPHY, ETC. NOTE
Bibliography, etc Includes bibliographies and index.
650 #0 - SUBJECT ADDED ENTRY--TOPICAL TERM
Topical term or geographic name as entry element Genetics
942 ## - ADDED ENTRY ELEMENTS (KOHA)
Source of classification or shelving scheme Dewey Decimal Classification
Koha item type Books
Koha issues (borrowed), all copies 2
Holdings
Source of classification or shelving scheme Damaged status Not for loan Home library Current library Shelving location Total Checkouts Full call number Barcode Date last seen Date checked out Copy number Koha item type
Dewey Decimal Classification     JCC Rouf Library JCC Rouf Library General Stacks 1 576.5 GUP 1975 10778 06/04/2022 09/21/2021 C - 1 Books

JCC Library | Contacts | JCC Home

Last Update on 23 September 2017
Copyright @ 2017-2020 JCC Rouf Library
Rouf Library, Jhenidah Cadet College (JCC), Bangladesh